000 00490nam a22001577a 4500
003 OSt
008 260429b |||||||| |||| 00| 0 eng d
082 _a635.93424
_bA66S
100 _aAnwar, Shiraz
245 _aStudies on The Effect of Spacing and Corm size on Plant Growth Flowering and Corm Production in Gladiolus (Gladiolus Gandavensis)
260 _aPusa, Samastipur
_bRAU
_c2002
300 _a74P.
502 _bMsc.
_d2002
650 _aVegetable and Floriculture
942 _2ddc
_cT
999 _c50250
_d50250